Developer testing : (Record no. 196346)
[ view plain ]
| 000 -LEADER | |
|---|---|
| fixed length control field | 00724nam a2200229Ia 4500 |
| 005 - DATE AND TIME OF LATEST TRANSACTION | |
| control field | 20220824102944.0 |
| 008 - FIXED-LENGTH DATA ELEMENTS--GENERAL INFORMATION | |
| fixed length control field | 210716s2017 xx 000 0 und d |
| 020 ## - INTERNATIONAL STANDARD BOOK NUMBER | |
| International Standard Book Number | 9789332586918 |
| 040 ## - CATALOGING SOURCE | |
| Transcribing agency | AIMIT LIBRARY |
| 041 ## - LANGUAGE CODE | |
| Language code of text/sound track or separate title | eng |
| 082 ## - DEWEY DECIMAL CLASSIFICATION NUMBER | |
| Classification number | 005.30287 |
| Edition number | 1 |
| Item number | TARA |
| 100 ## - MAIN ENTRY--PERSONAL NAME | |
| Personal name | Tarlinder, Alexander. |
| 9 (RLIN) | 55284 |
| 245 ## - TITLE STATEMENT | |
| Title | Developer testing : |
| Remainder of title | building quality into software / |
| Statement of responsibility, etc. | By Alexander Tarlinder. |
| 250 ## - EDITION STATEMENT | |
| Edition statement | 1st ed. |
| 260 ## - PUBLICATION, DISTRIBUTION, ETC. | |
| Place of publication, distribution, etc. | New Delhi : |
| Name of publisher, distributor, etc. | Pearson Education , |
| Date of publication, distribution, etc. | 2017. |
| 300 ## - PHYSICAL DESCRIPTION | |
| Extent | xxv,313 p.; |
| Dimensions | 24 cm. |
| 650 ## - SUBJECT ADDED ENTRY--TOPICAL TERM | |
| Topical term or geographic name entry element | Developer testing |
| 9 (RLIN) | 55285 |
| 650 ## - SUBJECT ADDED ENTRY--TOPICAL TERM | |
| Topical term or geographic name entry element | Testing vocobulary |
| 9 (RLIN) | 55286 |
| 650 ## - SUBJECT ADDED ENTRY--TOPICAL TERM | |
| Topical term or geographic name entry element | Drivers of of testability |
| 9 (RLIN) | 55287 |
| 650 ## - SUBJECT ADDED ENTRY--TOPICAL TERM | |
| Topical term or geographic name entry element | Test doubles |
| 9 (RLIN) | 55288 |
| 942 ## - ADDED ENTRY ELEMENTS (KOHA) | |
| Source of classification or shelving scheme | Dewey Decimal Classification |
| Koha item type | Book |
| Edition | 1st |
| Call number prefix | 005.30287 TARA |
| Withdrawn status | Lost status | Source of classification or shelving scheme | Damaged status | Not for loan | Collection code | Home library | Current library | Source of acquisition | Cost, normal purchase price | Inventory number | Total Checkouts | Full call number | Barcode | Date last seen | Cost, replacement price | Price effective from | Koha item type |
|---|---|---|---|---|---|---|---|---|---|---|---|---|---|---|---|---|---|
| Dewey Decimal Classification | MCA | St Aloysius Institute of Management & Information Technology | St Aloysius Institute of Management & Information Technology | Book Paradise | 429.00 | Bill no:87931; Bill dt:2018-03-2 | 005.30287 TARA | MCA15861 | 05/23/2026 | 300.30 | 07/16/2021 | Book | |||||
| Dewey Decimal Classification | MCA | St Aloysius Institute of Management & Information Technology | St Aloysius Institute of Management & Information Technology | Book Paradise | 429.00 | Bill no:87931; Bill dt:2018-03-2 | 005.30287 TARA | MCA15862 | 05/23/2026 | 300.30 | 07/16/2021 | Book | |||||
| Dewey Decimal Classification | MCA | St Aloysius Institute of Management & Information Technology | St Aloysius Institute of Management & Information Technology | Book Paradise | 429.00 | Bill no:87931; Bill dt:2018-03-2 | 005.30287 TARA | MCA15863 | 05/23/2026 | 300.30 | 07/16/2021 | Book |